00449nam a2200145Ia 4500008004100000020002200041040002600063082001400089100008000103245005600183250000800239260003500247003000400282005001700286241127s9999||||xx |||||||||||||| ||und|| a9780131756656c00 bengcSSK Libraryerda a615.1/ADA a Michael Patrick Adams, Leland Norman Holland, Jr, Paula Manuel Bostwick 0aPharmacology For Nurses:A Pathophysiologic Approach a2nd b Pearson Prentice Hallc©2008OSt20241127152829.0